000 00904nam a2200217Ia 4500
001 3781
003 GE_BSU
008 181216s||||||||xx |||||||||||||| ||und||
040 _cGE_BSU
080 _a069(479.22)
245 _aს. ჯანაშიას სახ. საქართველოს სახელმწიფო მუზეუმის მოამბე XXXVII-В.
245 _bВестник госуд. музея Грузии им. акад. С.Н. Джанашиа XXXVII-В.
245 _cრედ. ლ. ჭილაშვილი.
260 _aთბილისი
260 _bმეცნიერება
260 _c1984
300 _a178 გვ. 25 სმ.
541 _h5 ლ.
653 _aს. ჯანაშიას სახ. საქართველოს სახელმწიფო მუზეუმის მოამბე
942 _cBK
999 _c37804
_d37804